[Event "Reykjavik op"]
[Site "Reykjavik"]
[Date "2025.04.14"]
[Round "8"]
[White "Schellenpfeil, Wolfgang"]
[Black "Coutinho, Joao Manuel Sousa"]
[Result "1/2-1/2"]
[WhiteElo "2079"]
[BlackElo "1903"]
[PlyCount "79"]
[EventDate "2025.04.09"]
[EventType "swiss"]
[EventRounds "9"]
[EventCountry "ISL"]
[SourceTitle "CB17_2025"]
[SourceDate "2025.04.23"]
[SourceVersion "1"]
[SourceVersionDate "2025.04.23"]
[SourceQuality "1"]

1. d4 d5 2. c4 c6 3. Nf3 Nf6 4. Nc3 a6 5. e3 b5 6. b3 Bg4 7. Be2 e6 8. Ne5 Bxe2 9. Qxe2 Be7 10. 0-0 0-0 11. Rd1 Qb6 12. c5 Qc7 13. f3 Bxc5 14. Bb2 Bd6 15. f4 Nbd7 16. Rac1 Rfc8 17. a3 Qb6 18. b4 a5 19. Nd3 Qd8 20. Qf3 Nb6 21. Rc2 Nc4 22. Bc1 Qe7 23. Nc5 Bxc5 24. dxc5 e5 25. e4 dxe4 26. Nxe4 Nd5 27. fxe5 Nxe5 28. Qg3 axb4 29. Nd6 Rd8 30. Re1 f6 31. Bb2 bxa3 32. Bxe5 fxe5 33. Rxe5 Qf6 34. Rf2 Qh6 35. Nf5 Qc1+ 36. Rf1 Qxc5+ 37. Kh1 Rd7 38. Nh6+ Kh8 39. Nf7+ Kg8 40. Nh6+ 1/2-1/2

[Event "Reykjavik op"]
[Site "Reykjavik"]
[Date "2025.04.12"]
[Round "5"]
[White "Schellenpfeil, Wolfgang"]
[Black "Hafthorsson, Jon Ulfur"]
[Result "1/2-1/2"]
[WhiteElo "2079"]
[BlackElo "1872"]
[PlyCount "49"]
[EventDate "2025.04.09"]
[EventType "swiss"]
[EventRounds "9"]
[EventCountry "ISL"]
[SourceTitle "CB17_2025"]
[SourceDate "2025.04.23"]
[SourceVersion "1"]
[SourceVersionDate "2025.04.23"]
[SourceQuality "1"]

1. d4 Nf6 2. c4 g6 3. Nc3 Bg7 4. Nf3 d6 5. g3 0-0 6. Bg2 c5 7. 0-0 Nc6 8. d5 Na5 9. Qd3 Bf5 10. e4 Bd7 11. Bd2 a6 12. Rfe1 b5 13. b3 Rb8 14. h3 e6 15. dxe6 bxc4 16. exf7+ Rxf7 17. bxc4 Rb4 18. e5 Bf5 19. Qxd6 Qxd6 20. exd6 Nxc4 21. Bf4 Rd7 22. Rad1 Nb2 23. Rd2 Nd3 24. Red1 Nxf4 25. gxf4 1/2-1/2